Diccionario Akal del antiguo Egipto / (Record no. 77665)

MARC details
000 -LEADER
campo de control de longitud fija 00821nam a2200241 i 4500
001 - NÚMERO DE CONTROL
campo de control 77665
003 - IDENTIFICADOR DE NÚMERO DE CONTROL
campo de control ES-MaACL
005 - FECHA Y HORA DE LA ÚLTIMA TRANSACCIÓN
campo de control 20250809051105.0
007 - CAMPO FIJO DE DESCRIPCIÓN FÍSICA--INFORMACIÓN GENERAL
campo de control de longitud fija t|
008 - DATOS DE LONGITUD FIJA--INFORMACIÓN GENERAL
campo de control de longitud fija 041029s2004 sp ||||1| spa d
020 ## - NÚMERO INTERNACIONAL ESTÁNDAR DEL LIBRO
Número Internacional Estándar del Libro 84-460-1581-1
100 1# - ENTRADA PRINCIPAL--NOMBRE DE PERSONA
Nombre de persona Shaw, Ian.
9 (RLIN) 106031
245 10 - MENCIÓN DEL TÍTULO
Título Diccionario Akal del antiguo Egipto /
Mención de responsabilidad, etc. Ian Shaw y Paul Nicholson ; traducción de José Miguel Serrano Delgado.
260 ## - PUBLICACIÓN, DISTRIBUCIÓN, ETC.
Lugar de publicación, distribución, etc. Tres Cantos (Madrid) :
Nombre del editor, distribuidor, etc. Akal,
Fecha de publicación, distribución, etc. [2004]
300 ## - DESCRIPCIÓN FÍSICA
Extensión 413 p. :
Otras características físicas il. col. y n., mapas ;
Dimensiones 30 cm.
490 1# - MENCIÓN DE SERIE
Mención de serie Akal/diccionarios ;
Designación de volumen o secuencia 39
651 #4 - PUNTO DE ACCESO ADICIONAL DE MATERIA--NOMBRE GEOGRÁFICO
Nombre geográfico Egipto-
Subdivisión general Civilización-
Subdivisión de forma Diccionarios.
9 (RLIN) 8140
700 1# - ENTRADA AGREGADA--NOMBRE PERSONAL
Nombre de persona Nicholson, Paul T.
9 (RLIN) 85544
700 1# - ENTRADA AGREGADA--NOMBRE PERSONAL
Nombre de persona Serrano Delgado, José Miguel.
9 (RLIN) 105752
830 00 - PUNTO DE ACCESO ADICIONAL DE SERIE-TÍTULO UNIFORME
Título uniforme Akal/Diccionarios
Designación de volumen o secuencia 39
9 (RLIN) 180610
852 ## - LOCALIZACIÓN
Ubicación ES-MaACL
Número de control de estantería L-28382
Sublocalización o colección R.134275
Holdings
Estatus retirado Estado de pérdida Estado de daño No para préstamo Colección Biblioteca de origen Biblioteca actual Ubicación en estantería Fecha de adquisición Fuente de adquisición Total de préstamos Signatura topográfica completa Código de barras Visto por última vez Precio de reemplazo Tipo de ítem Koha
        Colección de referencia Biblioteca del Ateneo de Madrid Biblioteca del Ateneo de Madrid Depósito 2 17/01/2008     L-28382 1081255 23/02/2023 23/02/2023 Libro impreso